Aventuras en Foxilandia /

Análisis satírico sobre el escenario político de México durante el período 2000-2004, correspondiente a los primeros cuatro años de la presidencia de Vicente Fox, y más específicamente sobre la clase política nacional, responsable de transformar la vida pública del país en algo muy próximo a una ope...

Olles dieđut

Furkejuvvon:
Bibliográfalaš dieđut
Váldodahkki: Mendoza, Carlos (realización)
Eará dahkkit: Mendoza, Carlos (guión) (guión), Viveros, Mario (fotógrafo) (fotógrafo), Vázquez, Roberto (montaje) (montaje), Mora, David (música) (música), Ezeta, Bernardo (conducción) (conducción)
Materiálatiipa: Dia
Giella:espánnjágiella
Almmustuhtton: México : Canal 6 de Julio, 2004, c2004
México : Canal 6 de Julio [distribución], 2005, c2005
Fáttát:
Fáddágilkorat: Lasit fáddágilkoriid
Eai fáddágilkorat, Lasit vuosttaš fáddágilkora!

MARC

LEADER 00000ngm^a2200000^a^4500
001 000184548
005 20250521000000.0
009 20260310102119.56
037 |a Acervo ITESO - Biblioteca 
041 |a ESP 
082 |a 320. 972  |b CAN V. 52 
100 |a Mendoza, Carlos  |e (realización) 
245 1 0 |a Aventuras en Foxilandia /  |c Realización de C. Mendoza. 
264 4 |a México :  |b Canal 6 de Julio,  |c 2004, c2004 
264 4 |a México :  |b Canal 6 de Julio [distribución],  |c 2005, c2005 
300 |a 1 DVD multirregión  |c (84 min.) 
336 |a imagen móvil bidimensional  |b tdi  |2 rdacontenido 
337 |a video  |b v  |2 rdamedio 
338 |a videodisco  |b vd  |2 rdasoporte 
520 |a Análisis satírico sobre el escenario político de México durante el período 2000-2004, correspondiente a los primeros cuatro años de la presidencia de Vicente Fox, y más específicamente sobre la clase política nacional, responsable de transformar la vida pública del país en algo muy próximo a una opereta. Con uso de animaciones caricaturescas y ridiculizantes y la participación testimonial de los periodistas Carlos Fazio y Jenaro Villamil y el economista Abelardo Mariña, este trabajo pasa revista a la dispar política exterior ejercida por el gobierno foxista en las relaciones bilaterales con Cuba y con Estados Unidos; sucesos sintomáticos de cambios en la relación del Estado con la Iglesia Católica y la incrustación de fuerzas de derecha radical en la administración pública; los dudosos manejos de las actividades de beneficencia de Marta Sahagún, esposa del presidente, y los escándalos de corrupción videograbados que generaron una gran crisis en el Partido de la Revolución Democrática (PRD); la eliminación del impuesto del 12.5 por ciento a los medios electrónicos, aplicado en forma de tiempo a favor del Estado, y el intento de desafuero del jefe de gobierno del Distrito Federal, Andrés Manuel López Obrador. Integrantes del Canal 6 de Julio –productora que a lo largo de su historia ha sostenido posturas muy próximas al PRD- han explicado que la figura presidencial opera a modo de pretexto para examinar críticamente a todos los protagonistas de la clase política mexicana, pero desde otros puntos de vista se ha dicho que los documentalistas han exceptuado de esta mirada crítica a la figura de López Obrador. 
520 |a Suplementos: 1) Trailers o avances de las siguientes producciones del Canal 6 de Julio: Aventuras en Foxilandia (1 min. y medio), Teledictadura (2 min.), Tlatelolco, las claves de la masacre (30 seg.) y Zapatistas: crónica de una rebelión (30 seg.); 2) Memoria contra el olvido (14 min.), montaje representativo de las producciones del Canal 6 de Julio, y 3) Pantallas de texto con la videografía y reconocimientos otorgados a los documentales de la productora. 
649 |a XX 
650 |a Políticos Mexicanos 
650 |a Partido de la Revolución Democrática -  |z México -  |x Historia 
650 |a Partidos Políticos -  |z México -  |x Historia 
650 |a Beneficencia -  |z México 
650 |a Asistencia Social -  |z México 
650 |a Corrupción -  |z México (Ciudad) 
650 |a Corrupción -  |z México 
650 |a Problemas Sociales -  |z México (Ciudad) 
650 |a Problemas Sociales -  |z México 
650 |a Desafuero -  |z México (Ciudad) 
650 |a Resistencia Civil -  |z México (Ciudad) 
650 |a Relaciones Internacionales -  |z México-Cuba -  |x Historia 
650 |a Relaciones Internacionales -  |z México-EUA -  |x Historia 
650 |a Política Exterior -  |z México -  |x Historia 
650 |a Medios de Comunicación y Estado -  |z México -  |x Historia 
650 |a Política de Comunicación -  |z México -  |x Historia 
650 |a Iglesia y Estado -  |z México -  |x Historia 
650 |a Política y Religión -  |z México -  |x Historia 
650 |a México (Ciudad) -  |x Condiciones Políticas 
650 |a Política -  |z México (Ciudad) -  |x Historia -  |y 2000-2006 
650 |a Política -  |z México (Ciudad) -  |x Historia -  |y Siglo XXI 
650 |a México -  |x Condiciones Políticas 
650 |a Política -  |z México -  |x Historia -  |y 2000-2006 -  |x Tema Principal 
650 |a Política -  |z México -  |x Historia -  |y Siglo XXI 
700 |a Mendoza, Carlos  |e (guión) 
700 |a Viveros, Mario  |e (fotógrafo) 
700 |a Vázquez, Roberto  |e (montaje) 
700 |a Mora, David  |e (música) 
700 |a Ezeta, Bernardo  |e (conducción) 
910 |a Fondo General 
920 |a Audiovisuales - DVDs 
905 |a 302 
901 |a 0500094101  |b IT2  |c DVS  |u 20250521 
902 |a https://opac.biblio.iteso.mx/vufind/Record/000184548